<?xml version="1.0" encoding="UTF-8"?>
<record
    xmlns:xsi="http://www.w3.org/2001/XMLSchema-instance"
    xsi:schemaLocation="http://www.loc.gov/MARC21/slim http://www.loc.gov/standards/marcxml/schema/MARC21slim.xsd"
    xmlns="http://www.loc.gov/MARC21/slim">

  <leader>00909nam a22002057a 4500</leader>
  <controlfield tag="003">0</controlfield>
  <controlfield tag="005">20160609165432.0</controlfield>
  <controlfield tag="008">100224t        xxu||||| |||| 00| 0 eng d</controlfield>
  <datafield tag="037" ind1=" " ind2=" ">
    <subfield code="a">M15570</subfield>
    <subfield code="b">BIBLIO</subfield>
  </datafield>
  <datafield tag="040" ind1=" " ind2=" ">
    <subfield code="a">UAC</subfield>
    <subfield code="b">F</subfield>
    <subfield code="c">EPAC</subfield>
  </datafield>
  <datafield tag="082" ind1=" " ind2=" ">
    <subfield code="a">26.ABM/ADJ</subfield>
  </datafield>
  <datafield tag="100" ind1=" " ind2=" ">
    <subfield code="a">Val&#xE8;re, H. ADJIHANOU &amp; Francine Danielle QUENUM</subfield>
    <subfield code="9">3836</subfield>
  </datafield>
  <datafield tag="245" ind1=" " ind2=" ">
    <subfield code="a">Identification du coefficient de proportionnalit&#xE9; entre le taux d'h&#xE9;moglobine et la mesure de l'h&#xE9;matocrite dans les phathologies les plus dominantes en R&#xE9;publique du B&#xE9;nin chez les personnes &#xE2;g&#xE9;es de 0 &#xE0; 18 ans : cas des d&#xE9;partement du Zou et des Collines( &#xE0; propos de 1282 cas)</subfield>
  </datafield>
  <datafield tag="260" ind1=" " ind2=" ">
    <subfield code="a">EPAC</subfield>
    <subfield code="b">BIBLIO</subfield>
    <subfield code="c">2006-2007</subfield>
  </datafield>
  <datafield tag="300" ind1=" " ind2=" ">
    <subfield code="a">I -115p</subfield>
    <subfield code="c">29cm</subfield>
  </datafield>
  <datafield tag="500" ind1=" " ind2=" ">
    <subfield code="a">Mem Ecole Polytechnique d'Abomey Calavi
2007</subfield>
  </datafield>
  <datafield tag="650" ind1=" " ind2=" ">
    <subfield code="a">PROPORTIONNALITE - HEMOGLOBINE - HEMATOCRITE</subfield>
    <subfield code="9">3837</subfield>
  </datafield>
  <datafield tag="700" ind1=" " ind2=" ">
    <subfield code="a">Joseph, FLENON; Adolphe, TOPANOU; Lordson, DOSSEVI</subfield>
    <subfield code="9">3838</subfield>
  </datafield>
  <datafield tag="942" ind1=" " ind2=" ">
    <subfield code="c">THE</subfield>
  </datafield>
  <datafield tag="999" ind1=" " ind2=" ">
    <subfield code="c">47006</subfield>
    <subfield code="d">47006</subfield>
  </datafield>
  <datafield tag="952" ind1=" " ind2=" ">
    <subfield code="0">0</subfield>
    <subfield code="1">0</subfield>
    <subfield code="4">0</subfield>
    <subfield code="7">0</subfield>
    <subfield code="a">BEPAC</subfield>
    <subfield code="b">BEPAC</subfield>
    <subfield code="d">2010-10-05</subfield>
    <subfield code="e">D&#xE9;pot l&#xE9;gal</subfield>
    <subfield code="l">0</subfield>
    <subfield code="o">26.ABM/ADJ</subfield>
    <subfield code="p">M15691 EPAC</subfield>
    <subfield code="r">2010-10-05 00:00:00</subfield>
    <subfield code="t">1</subfield>
    <subfield code="w">2010-10-05</subfield>
    <subfield code="y">THE</subfield>
  </datafield>
  <datafield tag="952" ind1=" " ind2=" ">
    <subfield code="0">0</subfield>
    <subfield code="1">0</subfield>
    <subfield code="4">0</subfield>
    <subfield code="7">0</subfield>
    <subfield code="a">BEPAC</subfield>
    <subfield code="b">BEPAC</subfield>
    <subfield code="d">2010-10-05</subfield>
    <subfield code="e">D&#xE9;pot l&#xE9;gal</subfield>
    <subfield code="l">0</subfield>
    <subfield code="o">26.ABM/ADJ</subfield>
    <subfield code="p">M15692 EPAC</subfield>
    <subfield code="r">2010-10-05 00:00:00</subfield>
    <subfield code="t">2</subfield>
    <subfield code="w">2010-10-05</subfield>
    <subfield code="y">THE</subfield>
  </datafield>
  <datafield tag="952" ind1=" " ind2=" ">
    <subfield code="0">0</subfield>
    <subfield code="1">0</subfield>
    <subfield code="4">0</subfield>
    <subfield code="7">0</subfield>
    <subfield code="a">BEPAC</subfield>
    <subfield code="b">BEPAC</subfield>
    <subfield code="d">2010-10-05</subfield>
    <subfield code="e">D&#xE9;pot l&#xE9;gal</subfield>
    <subfield code="l">0</subfield>
    <subfield code="o">26.ABM/ADJ</subfield>
    <subfield code="p">M15693 EPAC</subfield>
    <subfield code="r">2010-10-05 00:00:00</subfield>
    <subfield code="t">3</subfield>
    <subfield code="w">2010-10-05</subfield>
    <subfield code="y">THE</subfield>
  </datafield>
</record>
